[Event "12th New York International 2019"]
[Site "New York"]
[Date "2019.07.10"]
[Round "1.1"]
[White "Zherebukh, Yaroslav"]
[Black "Zeltsan, Joseph"]
[Result "1-0"]
[WhiteElo "2628"]
[BlackElo "2186"]
[Annotator "ChessBase"]
[PlyCount "55"]
[EventDate "2019.07.11"]
[EventType "swiss"]
[EventCountry "USA"]
[SourceTitle "playchess.com"]
[Source "ChessBase"]
[SourceQuality "1"]
[TimeControl "5400+30"]

1. Nf3 {[%emt 0:00:00]} Nf6 {[%emt 0:00:00]} 2. g3 {[%emt 0:00:01]} e6 {[%emt 0:00:00]} 3. Bg2 {[%emt 0:00:04]} d5 {[%emt 0:00:07]} 4. O-O {[%emt 0:00:22]} Be7 {[%emt 0:00:33]} 5. c4 {[%emt 0:00:13]} O-O {[%emt 0:00:06]} 6. b3 {[%emt 0:00:07]} b6 {[%emt 0:01:08]} 7. Bb2 {[%emt 0:00:06]} Bb7 {[%emt 0:00:31]} 8. e3 {[%emt 0:00:10]} Nbd7 {[%emt 0:12:50]} 9. Nc3 {[%emt 0:00:16]} a5 {[%emt 0:06:48]} 10. d4 {[%emt 0:00:41]} Bb4 {[%emt 0:00:36]} 11. Rc1 {[%emt 0:02:00]} c6 {[%emt 0:03:25]} 12. Ne2 {[%emt 0:02:03]} Bd6 {[%emt 0:01:10]} 13. Ne5 {[%emt 0:03:09]} Rc8 {[%emt 0:08:48]} 14. Nf4 {[%emt 0:00:04]} Qe7 {[%emt 0:00:15]} 15. Rc2 {[%emt 0:06:04]} Nb8 {[%emt 0:19:22]} 16. Qc1 {[%emt 0:00:41]} Na6 {[%emt 0:03:59]} 17. Ned3 {[%emt 0:02:32]} Rfe8 {[%emt 0:09:55]} 18. Rd1 {[%emt 0:00:42]} h6 {[%emt 0:06:02]} 19. a3 {[%emt 0:03:47]} Nd7 {[%emt 0:00:33]} 20. e4 {[%emt 0:02:28]} dxe4 {[%emt 0:05:48]} 21. Bxe4 {[%emt 0:01:28]} e5 {[%emt 0:00:05]} 22. dxe5 {[%emt 0:00:16]} Nxe5 {[%emt 0:00:07]} 23. Re2 {[%emt 0:07:03]} Qc7 {[%emt 0:08:55]} 24. Rde1 {[%emt 0:03:09]} Nxd3 {[%emt 0:03:09]} 25. Nxd3 {[%emt 0:05:49]} Re6 {[%emt 0:00:08]} 26. Qc3 {[%emt 0:00:36]} Bf8 {[%emt 0:06:30]} 27. Nf4 {[%emt 0:00:32]} Rd6 {[%emt 0:00:39]} 28. Bf5 {[%emt 0:01:06]} 1-0

[Event "12th New York International 2019"]
[Site "New York"]
[Date "2019.07.10"]
[Round "1.2"]
[White "Grasso, David"]
[Black "Khamrakulov, Djurabek"]
[Result "1/2-1/2"]
[WhiteElo "2170"]
[BlackElo "2506"]
[Annotator "RC"]
[PlyCount "60"]
[EventDate "2019.07.11"]
[EventType "swiss"]
[EventCountry "USA"]
[TimeControl "5400+30"]

1. e4 {[%emt 0:00:00]} c6 {[%emt 0:00:00]} 2. d4 {[%emt 0:00:00]} d5 {[%emt 0:00:00]} 3. e5 {[%emt 0:00:00]} Bf5 {[%emt 0:00:00]} 4. h4 {[%emt 0:00:00]} h6 {[%emt 0:00:00]} 5. g4 {[%emt 0:00:20]} Be4 {[%emt 0:00:00]} 6. f3 {[%emt 0:00:25]} Bh7 {[%emt 0:00:00]} 7. e6 {[%emt 0:02:37]} Qd6 {[%emt 0:00:00]} 8. exf7+ {[%emt 0:01:13]} Kxf7 {[%emt 0:00:00]} 9. f4 {[%emt 0:05:04]} Nf6 {[%emt 0:00:44]} 10. Nf3 {[%emt 0:00:30]} Nxg4 {[%emt 0:01:13]} 11. h5 {[%emt 0:00:21]} Qe6+ {[%emt 0:03:08]} 12. Ne5+ {[%emt 0:00:37]} Nxe5 {[%emt 0:00:11]} 13. fxe5 {[%emt 0:00:15]} Ke8 {[%emt 0:01:09]} 14. Nc3 {[%emt 0:05:08]} Na6 {[%emt 0:02:45]} 15. Rh2 {[%emt 0:18:31]} g5 {[%emt 0:10:24]} 16. hxg6 {[%emt 0:03:01]} Bxg6 {[%emt 0:02:05]} 17. Bh3 {[%emt 0:01:36]} Qf7 {[%emt 0:03:48]} 18. Rf2 {[%emt 0:02:51]} Qh7 {[%emt 0:01:45]} 19. Qg4 {[%emt 0:10:15]} Rd8 {[%emt 0:00:31]} 20. Be3 {[%emt 0:00:27]} h5 {[%emt 0:01:53]} 21. Qe2 {[%emt 0:00:42]} Nb4 {[%emt 0:01:38]} 22. Rc1 {[%emt 0:06:14]} Bh6 {[%emt 0:03:40]} 23. Nb5 {[%emt 0:10:16]} Na6 {[%emt 0:02:06]} 24. Nd6+ {[%emt 0:07:29]} exd6 {[%emt 0:02:28]} 25. exd6 {[%emt 0:00:17]} Bxe3 {[%emt 0:23:55]} 26. Qxe3+ {[%emt 0:00:07]} Be4 {[%emt 0:00:03]} 27. Qg5 {[%emt 0:00:55]} Rd7 {[%emt 0:00:10]} 28. Qe5+ {[%emt 0:00:57]} Kd8 {[%emt 0:00:23]} 29. Qf6+ {[%emt 0:00:02]} Ke8 {[%emt 0:00:10]} 30. Qe5+ {[%emt 0:00:25]} Kd8 {[%emt 0:00:01]} 1/2-1/2

[Event "12th New York International 2019"]
[Site "New York"]
[Date "2019.07.10"]
[Round "1.3"]
[White "Paragua, Mark"]
[Black "Tsay, Vincent"]
[Result "1-0"]
[WhiteElo "2503"]
[BlackElo "2167"]
[Annotator "RC"]
[PlyCount "121"]
[EventDate "2019.07.11"]
[EventType "swiss"]
[EventCountry "USA"]
[TimeControl "5400+30"]

1. e4 {[%emt 0:00:00]} e6 {[%emt 0:00:00]} 2. d3 {[%emt 0:00:00]} d5 {[%emt 0:00:00]} 3. Qe2 {[%emt 0:00:00]} Ne7 {[%emt 0:01:13]} 4. Nf3 {[%emt 0:00:22]} c5 {[%emt 0:00:13]} 5. g3 {[%emt 0:00:07]} Nbc6 {[%emt 0:00:16]} 6. Bg2 {[%emt 0:00:20]} g6 {[%emt 0:00:37]} 7. O-O {[%emt 0:00:09]} Bg7 {[%emt 0:00:06]} 8. c3 {[%emt 0:00:32]} O-O {[%emt 0:01:01]} 9. e5 {[%emt 0:00:18]} Nf5 {[%emt 0:04:12]} 10. Bg5 {[%emt 0:06:05]} f6 {[%emt 0:05:12]} 11. exf6 {[%emt 0:01:18]} Bxf6 {[%emt 0:00:08]} 12. Bxf6 {[%emt 0:00:14]} Qxf6 {[%emt 0:00:16]} 13. Re1 {[%emt 0:00:55]} Nd6 {[%emt 0:03:59]} 14. Nbd2 {[%emt 0:03:08]} Bd7 {[%emt 0:01:46]} 15. Nb3 {[%emt 0:03:25]} b6 {[%emt 0:02:44]} 16. d4 {[%emt 0:00:05]} cxd4 {[%emt 0:04:25]} 17. Nbxd4 {[%emt 0:00:35]} Nxd4 {[%emt 0:06:27]} 18. Nxd4 {[%emt 0:00:46]} Rae8 {[%emt 0:01:25]} 19. f4 {[%emt 0:00:52]} Kg7 {[%emt 0:04:25]} 20. a4 {[%emt 0:05:19]} Nc4 {[%emt 0:05:08]} 21. Nf3 {[%emt 0:01:17]} Bc8 {[%emt 0:05:32]} 22. b3 {[%emt 0:01:55]} Nd6 {[%emt 0:02:12]} 23. Ne5 {[%emt 0:01:45]} Re7 {[%emt 0:01:27]} 24. c4 {[%emt 0:03:08]} dxc4 {[%emt 0:09:54]} 25. Rad1 {[%emt 0:00:16]} Nf7 {[%emt 0:01:20]} 26. Qxc4 {[%emt 0:02:09]} Nxe5 {[%emt 0:03:09]} 27. Rxe5 {[%emt 0:00:27]} Qf7 {[%emt 0:00:40]} 28. h4 {[%emt 0:01:38]} Rc7 {[%emt 0:01:30]} 29. Qd4 {[%emt 0:01:11]} Kg8 {[%emt 0:00:25]} 30. Rde1 {[%emt 0:01:13]} Rc2 {[%emt 0:01:33]} 31. Be4 {[%emt 0:00:09]} Rc7 {[%emt 0:01:12]} 32. h5 {[%emt 0:05:18]} Qf6 {[%emt 0:01:50]} 33. hxg6 {[%emt 0:01:51]} hxg6 {[%emt 0:00:23]} 34. Qd1 {[%emt 0:02:29]} Rd8 {[%emt 0:01:34]} 35. Qg4 {[%emt 0:00:07]} Rg7 {[%emt 0:01:44]} 36. Rc1 {[%emt 0:05:40]} g5 {[%emt 0:13:26]} 37. Rxg5 {[%emt 0:00:53]} Rxg5 {[%emt 0:01:25]} 38. Qxg5+ {[%emt 0:00:08]} Qxg5 {[%emt 0:00:03]} 39. fxg5 {[%emt 0:00:06]} Ba6 {[%emt 0:00:18]} 40. Kf2 {[%emt 0:04:56]} Bd3 {[%emt 0:00:59]} 41. Bf3 {[%emt 0:01:25]} Bg6 {[%emt 0:01:43]} 42. Ke2 {[%emt 0:03:42]} Bd3+ {[%emt 0:02:49]} 43. Ke3 {[%emt 0:00:14]} Bg6 {[%emt 0:01:04]} 44. Rc3 {[%emt 0:00:40]} Rf8 {[%emt 0:08:27]} 45. g4 {[%emt 0:03:51]} Rd8 {[%emt 0:01:43]} 46. Be2 {[%emt 0:03:00]} Rd5 {[%emt 0:00:44]} 47. Rc8+ {[%emt 0:00:37]} Kf7 {[%emt 0:00:28]} 48. Rc7+ {[%emt 0:00:05]} Kf8 {[%emt 0:00:13]} 49. Rxa7 {[%emt 0:01:26]} Rxg5 {[%emt 0:01:16]} 50. Rb7 {[%emt 0:00:43]} Re5+ {[%emt 0:00:06]} 51. Kf2 {[%emt 0:00:21]} Bc2 {[%emt 0:00:33]} 52. Rxb6 {[%emt 0:00:16]} Kf7 {[%emt 0:00:31]} 53. Bc4 {[%emt 0:00:41]} Kf6 {[%emt 0:00:03]} 54. Kf3 {[%emt 0:00:39]} Re1 {[%emt 0:01:49]} 55. a5 {[%emt 0:00:30]} Kg5 {[%emt 0:00:30]} 56. Rxe6 {[%emt 0:00:43]} Ra1 {[%emt 0:00:42]} 57. Re5+ {[%emt 0:00:32]} Kf6 {[%emt 0:00:03]} 58. Kf4 {[%emt 0:00:22]} Ra3 {[%emt 0:00:31]} 59. g5+ {[%emt 0:00:16]} Kg6 {[%emt 0:00:11]} 60. Rb5 {[%emt 0:00:58]} Kg7 {[%emt 0:00:43]} 61. a6 {[%emt 0:00:30]} 1-0

[Event "12th New York International 2019"]
[Site "New York"]
[Date "2019.07.10"]
[Round "1.4"]
[White "Hallaeva, Bahar"]
[Black "Ostrovskiy, Aleksandr"]
[Result "0-1"]
[WhiteElo "2143"]
[BlackElo "2453"]
[Annotator "ChessBase"]
[PlyCount "58"]
[EventDate "2019.07.11"]
[EventType "swiss"]
[EventCountry "USA"]
[SourceTitle "playchess.com"]
[Source "ChessBase"]
[SourceQuality "1"]
[TimeControl "5400+30"]

1. e4 {[%emt 0:00:00]} c6 {[%emt 0:01:11]} 2. d4 {[%emt 0:00:00]} d5 {[%emt 0:00:05]} 3. Nd2 {[%emt 0:00:00]} dxe4 {[%emt 0:00:13]} 4. Nxe4 {[%emt 0:00:00]} Bf5 {[%emt 0:01:40]} 5. Ng3 {[%emt 0:00:00]} Bg6 {[%emt 0:00:03]} 6. Nh3 {[%emt 0:00:00]} e6 {[%emt 0:01:51]} 7. Nf4 {[%emt 0:00:00]} Qh4 {[%emt 0:09:17]} 8. c3 {[%emt 0:06:03]} Nd7 {[%emt 0:02:00]} 9. Be3 {[%emt 0:06:32]} Ngf6 {[%emt 0:17:02]} 10. Qd2 {[%emt 0:11:19]} Ne4 {[%emt 0:02:46]} 11. Nxg6 {[%emt 0:01:26]} hxg6 {[%emt 0:00:06]} 12. Nxe4 {[%emt 0:00:07]} Qxe4 {[%emt 0:00:05]} 13. O-O-O {[%emt 0:01:59]} b5 {[%emt 0:09:27]} 14. Be2 {[%emt 0:24:21]} Qxg2 {[%emt 0:03:54]} 15. Rhg1 {[%emt 0:01:02]} Qd5 {[%emt 0:03:02]} 16. Rg5 {[%emt 0:07:43]} Qxa2 {[%emt 0:01:35]} 17. Bf3 {[%emt 0:00:13]} Rc8 {[%emt 0:05:23]} 18. d5 {[%emt 0:18:30]} cxd5 {[%emt 0:00:26]} 19. Bxd5 {[%emt 0:04:30]} exd5 {[%emt 0:02:35]} 20. Rxd5 {[%emt 0:02:31]} Bb4 {[%emt 0:29:22]} 21. Bc5 {[%emt 0:02:23]} Bxc5 {[%emt 0:01:42]} 22. Re1+ {[%emt 0:01:24]} Kf8 {[%emt 0:03:01]} 23. Rxd7 {[%emt 0:00:02]} Kg8 {[%emt 0:03:30]} 24. Re5 {[%emt 0:11:06]} Bf8 {[%emt 0:00:54]} 25. Red5 {[%emt 0:00:46]} Rxh2 {[%emt 0:00:23]} 26. Rd8 {[%emt 0:00:24]} Rh1+ {[%emt 0:00:15]} 27. Kc2 {[%emt 0:00:08]} Rxd8 {[%emt 0:00:37]} 28. Rxd8 {[%emt 0:00:03]} Qa4+ {[%emt 0:00:06]} 29. Kd3 {[%emt 0:00:07]} Rh3+ {[%emt 0:00:40] Kd4} 0-1

[Event "12th New York International 2019"]
[Site "New York"]
[Date "2019.07.11"]
[Round "2.1"]
[White "Bonin, Jay"]
[Black "Paragua, Mark"]
[Result "0-1"]
[WhiteElo "2284"]
[BlackElo "2503"]
[Annotator "ChessBase"]
[PlyCount "86"]
[EventDate "2019.07.11"]
[EventType "swiss"]
[EventCountry "USA"]
[SourceTitle "playchess.com"]
[Source "ChessBase"]
[SourceQuality "1"]
[TimeControl "5400+30"]

1. d4 {[%emt 0:04:57]} Nf6 {[%emt 0:00:00]} 2. Bg5 {[%emt 0:00:20]} Ne4 {[%emt 0:01:30]} 3. Bf4 {[%emt 0:00:18]} c5 {[%emt 0:01:24]} 4. f3 {[%emt 0:00:11]} Qa5+ {[%emt 0:01:17]} 5. c3 {[%emt 0:00:28]} Nf6 {[%emt 0:00:05]} 6. d5 {[%emt 0:00:17]} d6 {[%emt 0:01:16]} 7. e4 {[%emt 0:00:59]} g6 {[%emt 0:01:13]} 8. Na3 {[%emt 0:01:03]} Bg7 {[%emt 0:05:02]} 9. Bb5+ {[%emt 0:10:19]} Nfd7 {[%emt 0:03:33]} 10. Ne2 {[%emt 0:03:40]} a6 {[%emt 0:05:54]} 11. Bxd7+ {[%emt 0:00:41]} Nxd7 {[%emt 0:01:39]} 12. Nc4 {[%emt 0:00:08]} Qc7 {[%emt 0:01:43]} 13. a4 {[%emt 0:00:18]} Rb8 {[%emt 0:03:27]} 14. a5 {[%emt 0:02:03]} b5 {[%emt 0:00:23]} 15. axb6 {[%emt 0:00:04]} Nxb6 {[%emt 0:00:06]} 16. Na5 {[%emt 0:01:44]} Bd7 {[%emt 0:00:31]} 17. O-O {[%emt 0:04:01]} O-O {[%emt 0:01:17]} 18. Ng3 {[%emt 0:12:02]} Bb5 {[%emt 0:06:30]} 19. Rf2 {[%emt 0:01:23]} c4 {[%emt 0:00:38]} 20. Ne2 {[%emt 0:09:15]} Bd7 {[%emt 0:07:44]} 21. Be3 {[%emt 0:02:20]} e5 {[%emt 0:05:57]} 22. dxe6 {[%emt 0:07:47]} fxe6 {[%emt 0:00:12]} 23. f4 {[%emt 0:01:22]} Nc8 {[%emt 0:15:06]} 24. b4 {[%emt 0:07:29]} cxb3 {[%emt 0:03:24]} 25. Nxb3 {[%emt 0:00:10]} Nb6 {[%emt 0:05:01]} 26. Bd4 {[%emt 0:13:02]} e5 {[%emt 0:01:49]} 27. fxe5 {[%emt 0:00:09]} dxe5 {[%emt 0:00:13]} 28. Bc5 {[%emt 0:02:45]} Rxf2 {[%emt 0:08:39]} 29. Bxf2 {[%emt 0:00:12]} Ba4 {[%emt 0:01:07]} 30. Qb1 {[%emt 0:01:40]} Bf8 {[%emt 0:05:21]} 31. Nd2 {[%emt 0:03:46]} Bb5 {[%emt 0:01:34]} 32. Qb3+ {[%emt 0:02:10]} Kh8 {[%emt 0:00:24]} 33. c4 {[%emt 0:02:21]} Nxc4 {[%emt 0:03:13]} 34. Qc3 {[%emt 0:00:21]} Rc8 {[%emt 0:00:45]} 35. Bg3 {[%emt 0:01:22]} Kg8 {[%emt 0:05:53]} 36. Nf3 {[%emt 0:02:32]} Qc5+ {[%emt 0:01:44]} 37. Kh1 {[%emt 0:01:17]} Ne3 {[%emt 0:01:21]} 38. Qxc5 {[%emt 0:00:29]} Bxc5 {[%emt 0:00:40]} 39. Nc3 {[%emt 0:00:39]} Bf1 {[%emt 0:00:53]} 40. Nd5 {[%emt 0:01:05]} Bxg2+ {[%emt 0:00:09]} 41. Kg1 {[%emt 0:00:02]} Bxf3 {[%emt 0:00:19]} 42. Nf6+ {[%emt 0:00:22]} Kf7 {[%emt 0:01:07]} 43. Nd7 {[%emt 0:00:16]} Nc2+ {[%emt 0:00:21]} 0-1

[Event "12th New York International 2019"]
[Site "New York"]
[Date "2019.07.11"]
[Round "2.2"]
[White "Maltese, Adam"]
[Black "Rozman, Levy"]
[Result "0-1"]
[WhiteElo "2222"]
[BlackElo "2382"]
[Annotator "TA"]
[PlyCount "76"]
[EventDate "2019.07.11"]
[EventType "swiss"]
[EventCountry "USA"]
[SourceTitle "playchess.com"]
[Source "ChessBase"]
[SourceQuality "1"]

{[%evp 20,76,7,0,0,0,12,0,0,-1,0,-1,0,-34,0,-39,-38,-56,-59,-61,-64,-71,-52,-99,-70,-110,-95,-93,-77,-190,-187,-228,-210,-217,-197,-210,-205,-206,-204,-328,-336,-454,-369,-447,-453,-412,-425,-702,-700,-1397,-1395,-1331,-1331,-1254,-1078,-1665,-1306,-2331,-2326]} 1. e4 c6 2. d4 d5 3. Nd2 dxe4 4. Nxe4 Bf5 5. Ng3 Bg6 6. Nf3 e6 7. h4 h6 8. h5 Bh7 9. Bd3 Bxd3 10. Qxd3 Nf6 11. Bf4 Qa5+ {B19: Classical Caro-Kann: 4...Bf5 main line} (11... Bd6 12. Ne5 Bxe5 13. Bxe5 Nbd7 14. Bf4 O-O 15. O-O-O Qa5 16. Kb1 Rfd8 17. Qf3 Qd5 18. Qxd5 cxd5 19. f3 Nb6 20. Bc7 Rdc8 21. Bxb6 axb6 {0-1 (54) Zakhartsov,V (2486)-Dreev,A (2649) Moscow 2018}) 12. Bd2 Bb4 13. Qb3 Bxd2+ {The position is equal.} 14. Nxd2 Nbd7 15. O-O-O O-O 16. Kb1 b5 17. Nge4 Qb6 $146 ({Predecessor:} 17... Qc7 18. Qf3 e5 19. Nxf6+ Nxf6 {1-0 (34) Spencer,C (2136)-Upham,J (1800) Hinckley Island 2009}) 18. Nxf6+ Nxf6 19. Qe3 Rad8 20. Nb3 Rd5 21. Rde1 a5 22. Nc5 Rfd8 23. c3 b4 24. Ka1 {[#]} (24. c4 $17 {might work better.} Ng4 25. Qe2 Rxd4 26. Nb3) 24... e5 $1 $19 {[%mdl 512]} 25. Nb3 (25. dxe5 bxc3) 25... exd4 26. Nxd4 c5 $40 {[%mdl 128] Black has strong attack.} ({But not} 26... Nxh5 27. Nf5 $17) (26... Rxh5 27. Rxh5 Nxh5 28. Qe4 $17) (26... bxc3 27. bxc3 c5 28. Nf3) 27. Nf3 Ng4 ({Don't take} 27... Nxh5 28. c4) 28. Qe2 a4 {[%cal Ba5a4,Ba4a3][%mdl 32]} 29. c4 (29. Rd1 $142 Rxd1+ 30. Rxd1) 29... Rd3 30. Kb1 a3 {Strongly threatening ...b3.} 31. Rd1 {[#]} Nxf2 $1 {[%mdl 576] Double Attack} 32. Rxd3 (32. Qxf2 Rxd1+) 32... Nxd3 33. Rd1 (33. b3 $142 Qf6 34. Rf1) 33... Nxb2 {[%mdl 64] Discovered Attack} 34. Rd5 Na4 35. Kc2 Nc3 36. Rxd8+ Qxd8 37. Qd2 Qe8 38. Qd6 Qe4+ {Accuracy: White = 39%, Black = 92%.} 0-1

[Event "12th New York International 2019"]
[Site "New York"]
[Date "2019.07.11"]
[Round "2.3"]
[White "Dominguez, Jose Manuel"]
[Black "Shen, Victor"]
[Result "0-1"]
[WhiteElo "2233"]
[BlackElo "2418"]
[Annotator "NA"]
[PlyCount "50"]
[EventDate "2019.07.11"]
[EventType "swiss"]
[EventCountry "USA"]
[SourceTitle "playchess.com"]
[Source "ChessBase"]
[SourceQuality "1"]
[TimeControl "5400+30"]

1. e4 {[%emt 0:21:34]} c5 {[%emt 0:00:00]} 2. Nf3 {[%emt 0:00:05]} e6 {[%emt 0:00:00]} 3. Be2 {[%emt 0:00:39]} Nc6 {[%emt 0:01:02]} 4. O-O {[%emt 0:00:12]} Nf6 {[%emt 0:02:19]} 5. d3 {[%emt 0:00:16]} d5 {[%emt 0:07:19]} 6. Nbd2 {[%emt 0:02:19]} Be7 {[%emt 0:07:53]} 7. Re1 {[%emt 0:00:03]} b6 {[%emt 0:06:27]} 8. c3 {[%emt 0:00:32]} Bb7 {[%emt 0:01:35]} 9. Bf1 {[%emt 0:00:15]} Qc7 {[%emt 0:00:53]} 10. a3 {[%emt 0:05:19]} O-O-O {[%emt 0:07:07]} 11. Qa4 {[%emt 0:15:55]} Rhg8 {[%emt 0:19:16]} 12. b4 {[%emt 0:02:09]} g5 {[%emt 0:02:39]} 13. bxc5 {[%emt 0:02:29]} bxc5 {[%emt 0:01:24]} 14. d4 {[%emt 0:30:13]} dxe4 {[%emt 0:14:52]} 15. Nxe4 {[%emt 0:04:47]} Nxe4 {[%emt 0:00:47]} 16. Rxe4 {[%emt 0:00:02]} g4 {[%emt 0:17:12]} 17. Ne5 {[%emt 0:00:03]} Nxe5 {[%emt 0:01:17]} 18. Rxe5 {[%emt 0:04:39]} Bd6 {[%emt 0:01:16]} 19. Rh5 {[%emt 0:00:12]} Qb6 {[%emt 0:03:14]} 20. Be3 {[%emt 0:02:41]} f5 {[%emt 0:00:34]} 21. Rxh7 {[%emt 0:01:22]} Rh8 {[%emt 0:01:34]} 22. Rxh8 {[%emt 0:02:51]} Rxh8 {[%emt 0:00:01]} 23. g3 {[%emt 0:00:48]} Qb2 {[%emt 0:01:14]} 24. dxc5 {[%emt 0:01:57]} Qxa1 {[%emt 0:01:32]} 25. cxd6 {[%emt 0:01:17]} Qxc3 {[%emt 0:00:02]} 0-1

[Event "12th New York International 2019"]
[Site "New York"]
[Date "2019.07.11"]
[Round "2.4"]
[White "Ostrovskiy, Aleksandr"]
[Black "Shen, Christopher"]
[Result "1/2-1/2"]
[WhiteElo "2453"]
[BlackElo "2283"]
[Annotator "ChessBase"]
[PlyCount "58"]
[EventDate "2019.07.11"]
[EventType "swiss"]
[EventCountry "USA"]
[SourceTitle "playchess.com"]
[Source "ChessBase"]
[SourceQuality "1"]
[TimeControl "5400+30"]

1. e4 {[%emt 0:03:14]} c5 {[%emt 0:00:00]} 2. Nf3 {[%emt 0:00:21]} e6 {[%emt 0:00:00]} 3. d4 {[%emt 0:01:04]} cxd4 {[%emt 0:00:00]} 4. Nxd4 {[%emt 0:00:04]} a6 {[%emt 0:00:12]} 5. c4 {[%emt 0:00:05]} Nf6 {[%emt 0:00:11]} 6. Nc3 {[%emt 0:00:05]} Qc7 {[%emt 0:00:09]} 7. Be2 {[%emt 0:02:24]} Bb4 {[%emt 0:00:21]} 8. Nc2 {[%emt 0:06:18]} Bxc3+ {[%emt 0:08:18]} 9. bxc3 {[%emt 0:00:40]} d6 {[%emt 0:04:14]} 10. f3 {[%emt 0:02:32]} Nbd7 {[%emt 0:03:23]} 11. O-O {[%emt 0:04:03]} O-O {[%emt 0:02:02]} 12. Bg5 {[%emt 0:15:47]} Qc5+ {[%emt 0:13:10]} 13. Be3 {[%emt 0:00:16]} Qc7 {[%emt 0:00:25]} 14. Qd2 {[%emt 0:00:44]} Ne5 {[%emt 0:02:14]} 15. Qd4 {[%emt 0:05:31]} Bd7 {[%emt 0:06:31]} 16. Bg5 {[%emt 0:20:27]} Ba4 {[%emt 0:13:24]} 17. Ne3 {[%emt 0:00:57]} Nc6 {[%emt 0:03:07]} 18. Qd2 {[%emt 0:00:48]} Nd7 {[%emt 0:00:20]} 19. Rab1 {[%emt 0:16:24]} Nc5 {[%emt 0:06:12]} 20. h4 {[%emt 0:00:30]} h6 {[%emt 0:06:18]} 21. Bf4 {[%emt 0:01:26]} Ne5 {[%emt 0:01:01]} 22. h5 {[%emt 0:01:02]} Rad8 {[%emt 0:02:53]} 23. g4 {[%emt 0:05:06]} Qe7 {[%emt 0:03:00]} 24. Rf2 {[%emt 0:04:11]} Bc6 {[%emt 0:02:17]} 25. Rbf1 {[%emt 0:02:18]} f6 {[%emt 0:05:37]} 26. Rd1 {[%emt 0:02:20]} Ba4 {[%emt 0:00:55]} 27. Rb1 {[%emt 0:00:16]} Bc6 {[%emt 0:00:10]} 28. Rd1 {[%emt 0:00:32]} Ba4 {[%emt 0:00:17]} 29. Rb1 {[%emt 0:00:03]} Bc6 {[%emt 0:00:05]} 1/2-1/2

[Event "12th New York International 2019"]
[Site "New York"]
[Date "2019.07.11"]
[Round "3.1"]
[White "Paragua, Mark"]
[Black "Wang, Wesley"]
[Result "1/2-1/2"]
[WhiteElo "2503"]
[BlackElo "2328"]
[Annotator "TA"]
[PlyCount "89"]
[EventDate "2019.07.11"]
[EventType "swiss"]
[EventCountry "USA"]
[SourceTitle "playchess.com"]
[Source "ChessBase"]
[SourceQuality "1"]

{[%evp 9,89,18,27,4,3,0,41,34,42,45,59,66,59,67,59,48,56,53,62,62,65,72,57,55,75,71,64,58,57,52,47,23,103,103,101,106,102,102,106,107,131,133,155,104,123,44,24,-7,-11,-9,-6,-81,-79,-90,-35,-80,-81,-83,-83,-79,-95,-137,-119,-131,-27,-27,-40,-49,-39,-27,-10,-17,-41,-30,-58,-60,-8,-8,-8,-8,-10,-10]} 1. d4 Nf6 2. Bg5 e6 3. e4 h6 4. Bxf6 Qxf6 5. c3 ({Predecessor:} 5. Nf3 d5 6. Nbd2 Qd8 7. c3 {½-½ (12) Piket,J (2216)-Van Haastert,E (2408) Vlissingen 2007}) 5... d5 $146 (5... d6 6. Bc4 Qg6 7. Qf3 Nc6 8. Ne2 Be7 9. Nd2 e5 10. d5 Nb8 11. Ng3 Qg4 12. Qd3 g6 13. h3 Qf4 {½-½ (45) Duda,J (2738)-Miton,K (2588) St Petersburg 2018}) 6. Nd2 {A45: Trompowsky Attack} c5 7. Ngf3 Qd8 8. Bb5+ {White is slightly better.} Bd7 9. Bxd7+ Nxd7 10. exd5 exd5 11. O-O Be7 12. Qb3 cxd4 $1 13. Nxd4 Nc5 14. Qb5+ Qd7 15. Rfe1 {[#] Strongly threatening Qxc5.} O-O-O 16. N2f3 Qc7 17. Nf5 Bf6 18. Rad1 Kb8 19. Ne3 Qc6 $1 {[%cal Rc6b5]} 20. Qb4 $36 {[%mdl 2048] White has the initiative.} Ne6 (20... Rhe8 $1 $11) 21. Ng4 $16 Qc4 22. Qxc4 dxc4 23. Nfe5 Bxe5 24. Nxe5 Nf4 25. Nxc4 Nd3 26. Re4 (26. Re7 $142) 26... b5 {[#] ...f5 is the strong threat.} 27. Na5 (27. Ne3 $1 $16) 27... Kc7 $1 $14 28. Re7+ {[%mdl 64] Double Attack} Kb6 29. Nb7 ({Much weaker is} 29. Rxf7 Ne5 $17) 29... Rhe8 $1 {[%cal Re8e7]} 30. Rxe8 (30. Nxd8 $11 {keeps the balance.} Rxe7 31. b3) 30... Rxe8 $11 {[%mdl 4096] Endgame KRN-KRN} 31. Nd6 Re6 (31... Nxb2 $17 {aiming for ...Re6.} 32. Rb1 Re2) 32. Nf5 Nxb2 33. Rc1 Nd3 34. Rb1 Kc5 35. g4 a6 36. Kf1 Kc4 (36... g5 $17 37. h3 Kc4) 37. Nxg7 Re4 38. f3 Re3 39. Nf5 $1 {[%cal Rf5e3]} Rxf3+ 40. Kg2 $1 {[%cal Rg2f3]} Rf2+ 41. Kg3 {Threatens to win with Nd6+.} Rxa2 42. Nxh6 Rc2 ({Better is} 42... Nc5 $15 43. Nxf7 Ne4+ {[%mdl 64] Double Attack} 44. Kh3 Rf2 45. Ne5+ Kxc3 46. Rc1+ Kd2) 43. Nxf7 {The position is equal.} Rxc3 {White must now prevent ...Ne5+.} 44. Nd6+ Kd5 45. Nxb5 $1 {Accuracy: White = 65%, Black = 58%.} 1/2-1/2